Report of National Advisory Council on International Monetary and Financial Problems. Special report to the President and to the Congress on the proposed increase of $1 billion in Authorized Capital of the International Bank for Reconstruction and Development.

Bibliographic Details
Corporate Authors: United States. Congress. House. Committee on Banking and Currency, ProQuest (Firm), National Advisory Council on International Monetary and Financial Problems (U.S.)
Format: eBook
Language:English
Published: Washington : [publisher not identified], 1963.
Series:United States congressional serial set.
Subjects:
Online Access:Connect to the full text of this electronic book

MARC

Tag First Indicator Second Indicator Subfields
LEADER 00000cam a22000001a 4500
001 in00003235682
005 20190403194451.0
006 m o d
007 cr un mmmapmmp
008 080609s1963 dcud o f000 0 eng d
035 |a cis2004271186 
040 |a UMI  |c UMI  |d UtOrBLW 
043 |a n-us--- 
099 |a ProQuest Serial Set Number 12567 H.doc.154 
110 1 |a United States.  |b Congress.  |b House.  |b Committee on Banking and Currency. 
245 1 0 |a Report of National Advisory Council on International Monetary and Financial Problems. Special report to the President and to the Congress on the proposed increase of $1 billion in Authorized Capital of the International Bank for Reconstruction and Development. 
246 1 |a Report of National Advisory Council on International Monetary and Financial Problems 
264 1 |a Washington :  |b [publisher not identified],  |c 1963. 
300 |a 1 online resource. 
336 |a text  |b txt  |2 rdacontent 
337 |a computer  |b c  |2 rdamedia 
338 |a online resource  |b cr  |2 rdacarrier 
490 0 |a H.doc.154 
500 |a Record is based on bibliographic data in ProQuest U.S. Serial Set Digital Collection (last viewed June 2008). Reuse except for individual research requires license from ProQuest, LLC. 
510 3 |a ProQuest U.S. Serial Set Digital Collection 
500 |a Electronic resource. 
610 2 0 |a World Bank. 
650 0 |a International finance. 
655 7 |a Electronic books.  |2 local 
710 2 |a ProQuest (Firm) 
710 2 |a National Advisory Council on International Monetary and Financial Problems (U.S.) 
830 0 |a United States congressional serial set. 
856 4 0 |u http://proxy.library.tamu.edu/login?url=http://congressional.proquest.com/congcomp/getdoc?SERIAL-SET-ID=12567+H.doc.154  |z Connect to the full text of this electronic book  |t 0 
999 |a MARS 
999 f f |s d06cbdb7-f4f6-3bfd-a982-9b8d2ad843a0  |i b6be67ff-79b3-3bc6-9006-dd917df1d0fc  |t 0 
952 f f |a Texas A&M University  |b College Station  |c Electronic Resources  |d Available Online  |t 0  |e ProQuest Serial Set Number 12567 H.doc.154  |h Other scheme 
998 f f |a ProQuest Serial Set Number 12567 H.doc.154  |t 0  |l Available Online